00800nam a2200157 a 450000100100000000500170001000800410002704000250006824500730009326001040016630000220027095201170029295201050040995201110051499900170062500004598420201002052548.0150605s2015 000 spa d aDO-SdBNPbspacBNPHU 0aCatálogo de la provincia antillense de la compañía de Jesús. aSanto Domingo, República Dominicana, :bCompañía de Jesús Provincia de las Antillas,c2015. a70 p. : ;c21 cm. 001054708MOaGRbGRcHDd2015-06-05iLF1l0o p45984-30r2020-06-25te. 3w2020-06-25y4ZPréstamo en sala 001050718MOaPDbPDcHDd2015-06-05iLF1l0o p45984-10r2020-06-25w2020-06-25y1ZNo se presta 001050718MOaPDbPDcHDd2015-06-05iLF1l0o p45984-20r2020-06-25te. 2w2020-06-25y1ZNo se presta c45473d45473